Leadership : an Australasian focus
The intention of this Australian adaptation of DuBrin is to bring an Australian/Asia Pacific focus to the theoretically strong American text on leadership. The book covers leaders performing a number of specific roles and functions in a wide variety of organisational positions in all sectors includi...
Na minha lista:
| Autor principal: | |
|---|---|
| Outros Autores: | |
| Formato: | Livro |
| Publicado em: |
Milton, Qld., :
John Wiley and Sons Australia,
2003
|
| Assuntos: | |
| Tags: |
Adicionar Tag
Sem tags, seja o primeiro a adicionar uma tag!
|
MARC
| LEADER | 00000nam a2200000 4500 | ||
|---|---|---|---|
| 020 | |a 0470800658 | ||
| 020 | |a 9780470800652 | ||
| 040 | |a MUL |b eng. |e AACR | ||
| 082 | |a 658.40920994 DUB | ||
| 100 | |a DuBrin, Andrew J. | ||
| 245 | |a Leadership : |b an Australasian focus |c / Andrew J. DuBrin and Carol Dalglish | ||
| 260 | |a Milton, Qld., : |b John Wiley and Sons Australia, |c 2003 | ||
| 300 | |a xvi, 472 p. : |b ill. ; |c 25 cm | ||
| 500 | |a An Australasian adaptation of DuBrin's US text: Leadership : research findings, practice and skills. 3rd ed. Boston : Houghton Mifflin, c2001 | ||
| 504 | |a Includes index | ||
| 520 | |a The intention of this Australian adaptation of DuBrin is to bring an Australian/Asia Pacific focus to the theoretically strong American text on leadership. The book covers leaders performing a number of specific roles and functions in a wide variety of organisational positions in all sectors including private, political and community | ||
| 546 | |a eng. | ||
| 650 | |a Employee motivation | ||
| 650 | |a Leadership |v Australia | ||
| 700 | |a Dalglish, Carol | ||
| 942 | |c BK | ||
| 999 | |c 4717 |d 4717 | ||